Duševné vlastníctvo a vlastnícke právo
Duševné vlastníctvo z hľadiska právnej povahy a podstaty. Spoločné a odlišné znaky hmotného a duševného vlastníctva. Návrh na zakotvenie ochrany duševného vlastníctva v legislatíve.
Gespeichert in:
| 1. Verfasser: | |
|---|---|
| Format: | Buchkapitel |
| Sprache: | Slowakisch |
| Schlagworte: | |
| Tags: |
Keine Tags, Fügen Sie das erste Tag hinzu!
|
MARC
| LEADER | 00000naa a2200000 4500 | ||
|---|---|---|---|
| 001 | r032179 | ||
| 005 | 20230929080349.2 | ||
| 041 | 0 | |a slo | |
| 044 | |a SK | ||
| 245 | 1 | 0 | |a Duševné vlastníctvo a vlastnícke právo |c Peter Vojčík |
| 520 | |a Duševné vlastníctvo z hľadiska právnej povahy a podstaty. Spoločné a odlišné znaky hmotného a duševného vlastníctva. Návrh na zakotvenie ochrany duševného vlastníctva v legislatíve. | ||
| 610 | 2 | 0 | |a vlastníctvo duševné |
| 610 | 2 | 0 | |a právo vlastnícke |
| 610 | 2 | 0 | |a pojmy |
| 610 | 2 | 0 | |a legislatíva |
| 100 | 1 | |a Vojčík, Peter | |